| 000 | 00548nam a2200193 a 4500 | ||
|---|---|---|---|
| 005 | 20140414132122.0 | ||
| 008 | 121010s19uu xx 00 eng d | ||
| 020 | _a0709713819 | ||
| 050 |
_aREF 428.1 _bCl592 2000 |
||
| 100 | _aClark, Colin | ||
| 245 |
_aHide & seek: _bone thousand words and pictures. |
||
| 260 |
_aEngland : _bBrown Watson, _c2000. |
||
| 300 | _a80 | ||
| 650 | _awords-vocabulary-search. | ||
| 650 | _apictures-search. | ||
| 700 | _aTerry Burton ( pictures by) | ||
| 700 | _aStephen Holmes (pictures by) | ||
| 999 |
_c115095 _d115095 |
||